Journal of actuarial practice

Αποθηκεύτηκε σε:
Λεπτομέρειες βιβλιογραφικής εγγραφής
Μορφή: Περιοδική έκδοση
Γλώσσα:English
Δημοσίευση: Lincolin, Neb., U.S.A : Absalom Press, 1993-
Θέματα:
Ετικέτες: Προσθήκη ετικέτας
Δεν υπάρχουν, Καταχωρήστε ετικέτα πρώτοι!

MARC

LEADER 00000nas a2200000 i 4500
001 1/33126
008 030220c19939999 eng d
022 |a 10646647 
035 |l 10069456 
040 |a GR-MY-UA  |b gre  |e aacr 
041 0 |a eng 
082 0 |a 368.05 
245 1 0 |a Journal of actuarial practice  |h [περιοδικό] 
260 |a Lincolin, Neb., U.S.A :   |b Absalom Press,   |c 1993- 
300 |a v.;  |c 23 cm. 
310 |a Semiannual 
650 0 0 |a Insurance  |x Mathematics  |x Periodicals. 
650 0 0 |a Insurance  |x Periodicals. 
853 |a INST  |b SAMOS  |c SER 
922 |a 3ΕΛΗ  |b 200201  |c ΤΣΑΕ  |d ΚΑΟΥΦΜΑΝ 
970 |a ΠΟΥΡΝΑΡΑΣ  |b ΔΗΜΗΤΡΗΣ  |z 2003/02/20